书目信息 |
| 题名: |
一个人的灵魂能走多远
|
|
| 作者: | 王祖光 著 | |
| 分册: | ||
| 出版信息: | 南京 江苏教育出版社 1999 |
|
| 页数: | 137页 | |
| 开本: | 20cm | |
| 丛书名: | 青青草丛书 | |
| 单 册: | ||
| 中图分类: | G631 | |
| 科图分类: | ||
| 主题词: | 教育--各级 , 思想政治教育--中学--课外读物 | |
| 电子资源: | ||
| ISBN: | 7-5343-1911-0 | |
| 000 | 00669nam0 2200241 45 | |
| 001 | 0501081311 | |
| 005 | 20050108132545.3 | |
| 010 | @a7-5343-1911-0@dCNY5.60 | |
| 100 | @a20050108d1999 km y0chiy0120 ea | |
| 101 | 0 | @achi |
| 102 | @aCN@b320000 | |
| 105 | @ay z 000yy | |
| 200 | 1 | @a一个人的灵魂能走多远@AYi Ge Ren De Ling Hun Neng Zou Duo Yuan@f王祖光等著 |
| 210 | @a南京@c江苏教育出版社@d1999 | |
| 215 | @a137页@d20cm | |
| 225 | @a青青草丛书 | |
| 606 | 0 | @a教育@x各级 |
| 606 | 0 | @a思想政治教育@x中学@x课外读物 |
| 690 | @aG631@v4 | |
| 701 | 0 | @a王祖光@AWang Zu Guang@4著 |
| 801 | @aCN@bAHTY@c20050108 | |
| 905 | @aBZT@dG631@e272 | |
| 906 | @dCNY5.60@n0@r1 | |
| 一个人的灵魂能走多远/王祖光等著.-南京:江苏教育出版社,1999 |
| 137页;20cm.-(青青草丛书) |
| ISBN 7-5343-1911-0:CNY5.60 |
| ● |
| 相关链接 |
|
|
|
正题名:一个人的灵魂能走多远
索取号:G631/272
 
预约/预借
| 序号 | 登录号 | 条形码 | 馆藏地/架位号 | 状态 | 备注 |
| 1 | 385290 | 210161153 | 中心书库北库/ 北库030架A面2列5层19/ [索取号:G631/272] | 在馆 | |
| 2 | 385291 | 210161162 | 中心书库北库/ 北库030架A面2列5层20/ [索取号:G631/272] | 在馆 | |
| 3 | 385292 | 210161171 | 中心书库北库/ 北库030架A面2列5层11/ [索取号:G631/272] | 在馆 | |
| 4 | 385293 | 210161199 | 中心书库北库/ 北库030架A面2列5层12/ [索取号:G631/272] | 在馆 | |
| 5 | 385294 | 210161215 | 中心书库北库/ 北库030架A面2列5层13/ [索取号:G631/272] | 在馆 | |
| 6 | 385295 | 210161224 | 中心书库北库/ 北库030架A面2列5层16/ [索取号:G631/272] | 在馆 | |
| 7 | 385296 | 210161233 | 中心书库北库/ 北库030架A面2列5层14/ [索取号:G631/272] | 在馆 | |
| 8 | 385297 | 210161242 | 中心书库北库/ 北库030架A面2列5层17/ [索取号:G631/272] | 在馆 | |
| 9 | 385298 | 210161251 | 中心书库北库/ 北库030架A面2列5层15/ [索取号:G631/272] | 在馆 | |
| 10 | 385299 | 210161260 | 中心书库北库/ 北库030架A面2列5层18/ [索取号:G631/272] | 在馆 |